Elfogadható DAC-vereség

Bibliographic Details
Format: Article
Language:Hungarian
Subjects:

MARC

LEADER 00000nab a2200000 a 4500
001 vtls011550120
003 SK-MaSNL
005 20260318140509.0
008 160504c20160504xo d| | 000 0|2hun
015 |a SNBRB2016/05 
038 |a DSZK 
040 |a DSZK  |b slo  |c DSZK  |e AACR2 
041 0 |a hun 
044 |a xo  |c SK 
080 |a 796.322  |x (437.6)  |2 2011 
245 0 0 |a Elfogadható DAC-vereség  |c [szerző] (jmk) 
610 2 7 |a TJ Sokol Cífer  |2 dszk  |9 358630 
610 2 7 |a HK DAC Dunajská Streda  |2 dszk  |9 1087625 
650 0 7 |a hádzaná  |x muži  |2 dszk  |9 838447 
650 0 7 |a I. liga  |2 dszk  |9 1111546 
651 7 |a Cífer (Slovensko)  |2 SNKPH  |9 73310 
651 7 |a Dunajská Streda (Slovensko)  |2 SNKPH  |9 17375 
773 0 |t Új szó  |g Évf. 69, sz. 103 (2016.5.4), o. 19  |x 1335-7050 
852 |a DSZK  |b KIS3GCP 
958 |a HU 
958 |a SK 
999 |c 1834026  |d 1835956